000 00349nam a2200145Ia 4500
100 _aForouzan/ Behrouz/ A
942 _cBK
654 _aComputer
245 _aComputer Science : Structured Programming Approach Using C
260 _bThomsan Learning
_c2001
082 _a5.113
_bFOR/GIL
300 _a900
546 _aENGLISH
999 _c18254
_d18254